000 00796nam a22001937a 4500
005 20210625141334.0
008 210617b py ||||| |||| 00| 0 spa d
050 0 4 _aKH514
_bS26 2003
100 1 _aAugusto Sanabria, César
245 1 3 _aLa oralidad en el proceso civil
_b: consideraciones generales, antecedentes históricos, situación del juicio oral en la actualidad, necesidad de la reestructuración del proceso, conclusiones
_c/ César Augusto Sanabria
250 _a1a ed.
260 _aAsunción, Paraguay :
_bInternacional editora,
_c2003
300 _a196 p. ;
_c22 cm.
504 _aBibliografía : 187-196
650 7 _2lemb
_aAlegatos (Derecho)
_zAmérica del Sur
650 7 _2lemb
_aProcedimiento civil
_zAmérica del Sur
650 7 _2lemb
_aDerecho comparado
942 _2lcc
_cLIB
999 _c156242
_d156240